La percepción de lo político en Costa Rica /

שמור ב:
מידע ביבליוגרפי
מחבר ראשי: Jiménez M, Alexander
מחברים אחרים: Oyamburu, Jesús, González, Miguel Angel
פורמט: לא ידוע
יצא לאור: Heredia: Editorial Fundación UNA
נושאים:
תגים: הוספת תג
אין תגיות, היה/י הראשונ/ה לתייג את הרשומה!

MARC

LEADER 00000 a2200000 04500
001 10857
003
008 991231s d
040
090 |a 137503  
100 |a Jiménez M, Alexander  
245 |a La percepción de lo político en Costa Rica /  |c Alexander Jiménez M. 
260 |a Heredia:   |b Editorial Fundación UNA  
300 |a 282 p.  
650 |a CRISIS POLITICA  
650 |a SUBSIDIOS  
650 |a MERCADO  
650 |a MARCO INSTITUCIONAL  
650 |a SOCIEDAD CIVIL  
650 |a ELECCIONES  
650 |a MEDIOS DE COMUNICACION  
700 |a   
700 |a Oyamburu, Jesús  
700 |a   
700 |a González, Miguel Angel  
700 |a   
999 |c 13871  |d 13871